Một số vấn đề cần biết về thị trường chứng khoán Việt Nam

Na minha lista:
Detalhes bibliográficos
Autor principal: Nguyễn Duy Gia
Formato: Livro
Idioma:Undetermined
Publicado em: H. CTQG 2003
Assuntos:
Tags: Adicionar Tag
Sem tags, seja o primeiro a adicionar uma tag!
Thư viện lưu trữ: Trung tâm Học liệu Trường Đại học Cần Thơ
LEADER 00572nam a2200193Ia 4500
001 CTU_58743
008 210402s9999 xx 000 0 und d
020 |b 24500 
082 |a 332.642 
082 |b Gi100 
100 |a Nguyễn Duy Gia 
245 0 |a Một số vấn đề cần biết về thị trường chứng khoán Việt Nam 
245 0 |c Nguyễn Duy Gia 
260 |a H. 
260 |b CTQG 
260 |c 2003 
650 |a bank marketing,stock exchanges 
904 |i Minh 
980 |a Trung tâm Học liệu Trường Đại học Cần Thơ